Minecraft Guess the Block Quiz #3 - Statistics

General Stats
  • This quiz has been taken 25 times
  • The average score is 6 of 9
Answer Stats
Hint Block % Correct
This block has many variants, but they all share the same function. Different variants have no differences in anything except color. However, when used in any other dimension other than the Overworld, it creates an explosion. Bed
90%
This block cannot spawn naturally. This block when clicked on, will make a sound. But the type of sound is affected by a certain condition. This block is associated with music. Note Block
85%
This block can spawn naturally in Ruined Portals. This block cannot be crafted. When trading with Piglins there is a chance that they give this block. You also need this block to craft another block that is often crafted for crystal PVP. You also get an advancement when obtaining the block for the first time. Crying Obsidian
80%
This block can only be found in structures like the Jungle Temple and Trial Chambers. This block can be crafted, and redstone dust is one of the ingredients needed to craft it. Dispenser
75%
This block is not a full block. It can be found naturally in caves and requires shears to drop itself or a tool with Silk Touch. It cannot be crafted. This block emits a light level of 7. Glow Lichen
70%
This block can only be found in ocean monuments, and cannot be crafted. This block is useful when building underground bases. Sponge
70%
This block can be crafted in the Crafting Grid in your inventory instead of Crafting Table. Players in Skyblock/one block normally do this to get infinite dirt. Coarse Dirt
55%
When this block is broken, it drops XP. This block spawns naturally in certain areas underground in the overworld. This block cannot be crafted. Also this block can be broken easily without a pickaxe. Sculk
45%
This block is not a full block and can be seen through but not entirely. This block when crafted is given in huge amounts. This block is very ideal for certain builds. Iron Bars
15%
No matching quizzes found
Score Distribution
Percent of People with Each Score
Percentile by Number Answered
Your Score History
You have not taken this quiz